| 000 | 01184nam a2200361Ia 4500 | ||
|---|---|---|---|
| 001 | dia_119 | ||
| 003 | CHAP | ||
| 005 | 20221206142834.0 | ||
| 008 | 220117s1988 xx 000 0 und d | ||
| 010 | _a170551 | ||
| 020 | _a968-451-495-6 | ||
| 040 | _cCHAP | ||
| 082 | _a519.5 S84 1985 | ||
| 100 |
_aSteel, Robert G. D. _9147251 |
||
| 245 |
_aBioestadística : principios y procedimientos / _c Robert G. D. Steel y James H. Torrie ; traducción Ricardo Martínez B. |
||
| 250 | _a2a ed. | ||
| 260 |
_aMéxico : _b McGraw-Hill, _c1988 |
||
| 300 | _axxi, 622 p. | ||
| 500 | _aTítulo original: Principles and procedures of statistics. A biometrical approach | ||
| 503 | _aC/e | ||
| 504 | _aIncluye bibliografías | ||
| 590 | _aQA276 S84 1985 | ||
| 650 |
_aBiomatemáticas _9139486 |
||
| 650 |
_aBiomathematics _9147252 |
||
| 650 |
_aEstadística matemática _938261 |
||
| 650 |
_aMathematical statistics _9147253 |
||
| 700 |
_aMartínez B., Ricardo, tr. _9139385 |
||
| 700 |
_aTorrie, James H., coaut. _9139386 |
||
| 901 | _a519.5 S84 1985 | ||
| 902 | _aM | ||
| 905 | _a5232271988 MX mn 8222223322SPA26 | ||
| 942 |
_cLIBRO _2ddc |
||
| 999 |
_c170551 _d170551 |
||